Dicionário escolar da língua portuguêsa
Spremljeno u:
| Glavni autor: | |
|---|---|
| Format: | Knjiga |
| Jezik: | portugalski |
| Izdano: |
Brasilia
Ministério da Educacao e Cultura, Departamento Nacional de Educacao
1960
|
| Izdanje: | 3a. ed |
| Teme: | |
| Oznake: |
Dodaj oznaku
Bez oznaka, Budi prvi tko označuje ovaj zapis!
|
MARC
| LEADER | 00000nam a2200000 a 4500 | ||
|---|---|---|---|
| 001 | UCG3455 | ||
| 003 | CL-VaPUC | ||
| 008 | 100826e19600000bl |||||||||||||||||por|d | ||
| 082 | 0 | 4 | |a 403 |b SIL |2 21 |
| 100 | 0 | |a Silveira Bueno, Francisco da |e author |9 552616 | |
| 245 | 1 | 0 | |a Dicionário escolar da língua portuguêsa |
| 250 | |a 3a. ed | ||
| 300 | |a 1375 p | ||
| 942 | |c BK | ||
| 945 | |d 20100826 00:00:00 |a mfarfan | ||
| 260 | |a Brasilia |b Ministério da Educacao e Cultura, Departamento Nacional de Educacao |c 1960 | ||
| 650 | 7 | |a DICCIONARIO |2 CL-VaPUC |9 552617 | |
| 650 | 7 | |a PORTUGUES |2 CL-VaPUC |9 342493 | |
| 583 | |a last modification |c 20171123 12:17:20 |k Rodrigo Vera | ||
| 999 | |c 342522 |d 342520 | ||
| 952 | |0 0 |1 0 |4 0 |6 403_000000000000000_SIL_1960 |7 0 |8 C |9 438750 |a BIBCUR |b BIBCUR |d 2019-11-22 |i 4682009 |l 1 |o 403 SIL 1960 |p 4682009 |r 2025-04-22 |s 2023-07-11 |w 2019-11-22 |y BK |k CAC | ||